000 00392nam a2200145Ia 4500
008 090124s9999 xx 000 0 und d
082 _b203685
245 _a आगारा बाजार
250 _a1
260 _bतनवीर हबीब
_c1992
300 _a71
630 _a आगारा बाजार
730 _a आगारा बाजार
942 _cBOOK
999 _c185266
_d185266